000 nam a22 7a 4500
999 _c129654
_d129654
008 190523b xxu||||| |||| 00| 0 eng d
050 _aD21.E56
245 _aEnzyklopadie der Weltgeschichte
_bvon der entdeckung der welt zur eroberung des universums
_cEdited by Uwe K. Paschke
260 _aMunchen
_bHolle Varlag
_c(no date)
300 _a800p. ;
_c28cm.
650 _aHistory
_xOutlines
_925642
700 _aPaschke, Uwe K.
_eEditor
_946534
942 _2lcc
_cMONOGRAPH